[Event "zubarev - 7"]
[Site "http://www.queenalice.com/game.php?id=1819191"]
[Date "2023.8.20"]
[Round "-"]
[White "zubarev"]
[Black "gomezeta"]
[Result "0-1"]
[WhiteElo "1778"]
[BlackElo "1961"]

1. d4 d5 2. Nc3 Nc6 3. Nf3 Nf6 4. e3 g6 5. Bb5 Bg7 6. O-O O-O 7. Ne5 Nxe5 8.
dxe5 Nd7 9. Bd2 c6 10. Be2 Nxe5 11. f4 Nd7 12. Bg4 e5 13. fxe5 Nxe5 14. Bxc8
Rxc8 15. Ne2 Nc4 16. Bc3 Nxe3 17. Qd3 Nxf1 18. Rxf1 c5 19. Bxg7 Kxg7 20. Nf4 d4
21. Rf3 c4 22. Qe4 Re8 23. Qxb7 Re3 24. Nd5 Rxf3 25. gxf3 d3 26. cxd3 cxd3 27.
Ne3 Rc1+ 28. Kf2 Qh4+ 29. Kg2 Qg5+ 30. Ng4 h5 0-1

[Event "zubarev - 8"]
[Site "http://www.queenalice.com/game.php?id=1819192"]
[Date "2023.8.20"]
[Round "-"]
[White "zubarev"]
[Black "gomezeta"]
[Result "0-1"]
[WhiteElo "1778"]
[BlackElo "1988"]

1. d4 b6 2. e4 e6 3. Nc3 Bb7 4. Bd3 Nc6 5. Be3 Nf6 6. Nf3 h6 7. e5 Ng8 8. O-O
Nge7 9. Re1 g6 10. Ne4 Bg7 11. Nf6+ Bxf6 12. exf6 Ng8 13. c4 Nxf6 14. Ne5 d5 15.
Qd2 Nxe5 16. dxe5 Ng4 17. Bf4 g5 18. Bg3 dxc4 19. Qe2 Nxf2 20. Bxc4 Ne4 21. Qf3
Qd4+ 22. Qe3 Qxc4 23. Rac1 Qxa2 24. Rxc7 Bd5 25. Rec1 O-O 26. Qf3 Qxb2 27. Qh5
Nxg3 28. Qh3 Ne2+ 29. Kf1 Nxc1 30. Qe3 Qxg2+ 31. Ke1 Nb3 0-1

[Event "zebra - 1"]
[Site "http://www.queenalice.com/game.php?id=1819194"]
[Date "2023.8.20"]
[Round "-"]
[White "gomezeta"]
[Black "zubarev"]
[Result "0-1"]
[WhiteElo "2065"]
[BlackElo "1738"]

1. d4 d5 2. c4 Nf6 3. Nc3 e6 4. e3 Bb4 5. Qc2 O-O 6. Bd3 Ne4 7. Bxe4 dxe4 8.
Qxe4 Nc6 9. Ne2 f5 10. Qc2 Bd7 11. O-O Qg5 12. e4 Qf6 13. e5 Qf7 14. f4 a5 15.
a3 Be7 16. d5 exd5 17. cxd5 Bc5+ 18. Kh1 Nd4 19. Nxd4 Qg6 20. Be3 b5 21. e6 Be8
22. Rae1 b4 23. Nce2 Bd6 24. Ng3 a4 25. axb4 Bxb4 26. Ndxf5 Kh8 0-1

[Event "Let's Play Chess!"]
[Site "http://www.queenalice.com/game.php?id=1830288"]
[Date "2024.1.27"]
[Round "-"]
[White "igor12345"]
[Black "gomezeta"]
[Result "0-1"]
[WhiteElo "2029"]
[BlackElo "2060"]

1. e4 e5 2. f4 Bc5 3. Nf3 d6 4. c3 Bg4 5. Bc4 Nf6 6. d3 Nc6 7. a4 O-O 8. Nbd2 a5
9. Nb3 Bb6 10. Qe2 d5 11. exd5 Nxd5 12. fxe5 Nxe5 13. Qf1 Nxc4 14. dxc4 Re8+ 15.
Kd1 Ne3+ 0-1

[Event "Let's Play Chess!"]
[Site "http://www.queenalice.com/game.php?id=1830321"]
[Date "2024.1.27"]
[Round "-"]
[White "Charlie"]
[Black "gomezeta"]
[Result "0-1"]
[WhiteElo "1927"]
[BlackElo "2094"]

1. e4 c6 2. c3 d5 3. e5 c5 4. d4 e6 5. Bd3 Nc6 6. Nf3 Qb6 7. dxc5 Bxc5 8. O-O a5
9. Ng5 Nxe5 10. Nf3 Nxd3 11. Qxd3 Nf6 12. b3 O-O 13. c4 Ng4 14. Qc2 d4 15. Bb2
e5 16. Qd2 e4 17. Nxd4 Rd8 18. h3 Ne5 19. Qe3 Bxd4 20. Bxd4 Qxd4 21. Nc3 Qxe3
22. fxe3 f5 23. Nd5 Be6 24. Nc7 Bd7 25. Nxa8 Rxa8 26. Rad1 Nd3 27. g3 Kf7 28. g4
g6 29. gxf5 gxf5 30. Rd2 Be6 31. Kh2 Ne5 32. Rd6 Rg8 33. Rb6 Nf3+ 34. Kh1 f4 35.
Rxb7+ Kg6 36. Rb6 Kf6 37. exf4 Rg3 38. c5 Kf5 39. c6 Kxf4 40. c7 Bxh3 0-1

[Event "Challenge"]
[Site "http://www.queenalice.com/game.php?id=1840325"]
[Date "2024.7.16"]
[Round "-"]
[White "antoniotupan"]
[Black "gomezeta"]
[Result "1-0"]
[WhiteElo "2174"]
[BlackElo "2142"]

1. d4 Nf6 2. c4 e6 3. Nf3 b6 4. g3 Bb7 5. Bg2 d6 6. O-O Be7 7. Nc3 Nbd7 8. d5 e5
9. e4 O-O 10. b3 Re8 11. Ne1 Nf8 12. b4 Ng6 13. a4 a6 14. a5 c6 15. axb6 Qxb6
16. Nc2 cxd5 17. exd5 Rac8 18. Na4 Qc7 19. Ne3 Ba8 20. Ba3 Bb7 21. c5 dxc5 22.
bxc5 Rcd8 23. d6 Qb8 24. Rb1 Rd7 25. c6 Rxd6 26. Bxd6 Bxd6 27. Rxb7 Qd8 28. Qb3
Ne7 29. Rd1 Rf8 30. Nc4 Nc8 31. Nab6 Nxb6 32. Nxd6 Nbd5 33. Bxd5 Nxd5 34. Qxd5
1-0

[Event "Let's Play Chess!"]
[Site "http://www.queenalice.com/game.php?id=1853163"]
[Date "2025.3.5"]
[Round "-"]
[White "igor12345"]
[Black "gomezeta"]
[Result "0-1"]
[WhiteElo "1965"]
[BlackElo "1990"]

1. e4 e5 2. f4 Bc5 3. Nf3 d6 4. Bc4 Nf6 5. d3 Bg4 6. Qe2 Nc6 7. c3 O-O 8. f5 d5
9. Bb3 Re8 10. Bg5 dxe4 11. dxe4 Qd6 12. h3 Nh5 13. hxg4 Ng3 0-1

[Event "Let's Play Chess!"]
[Site "http://www.queenalice.com/game.php?id=1853164"]
[Date "2025.3.5"]
[Round "-"]
[White "gomezeta"]
[Black "igor12345"]
[Result "1-0"]
[WhiteElo "2075"]
[BlackElo "1826"]

1. e4 c5 2. Nf3 d6 3. g3 Nf6 4. d3 Nc6 5. Bg2 Bg4 6. c3 Ne5 7. h3 Bxf3 8. Bxf3
Nxf3+ 9. Qxf3 Rb8 10. a4 e5 11. Be3 Be7 12. Nd2 O-O 13. c4 Qd7 14. g4 Ne8 15. h4
Nf6 16. Bg5 Rfe8 17. Rg1 Qd8 18. Nf1 1-0

[Event "Let's Play Chess!"]
[Site "http://www.queenalice.com/game.php?id=1853315"]
[Date "2025.3.5"]
[Round "-"]
[White "gomezeta"]
[Black "igor12345"]
[Result "1-0"]
[WhiteElo "2031"]
[BlackElo "1926"]

1. e4 c5 2. Nf3 d6 3. Nc3 Bg4 4. Bb5+ Nc6 5. Ne5 Bxd1 6. Nxc6 Qc7 7. Nd5 Qd7 8.
Nxa7 Rxa7 9. Bxd7+ Kxd7 10. Kxd1 e6 11. Nb6+ Kc7 12. Nc4 e5 13. d3 Nf6 14. f4 b5
15. Na3 Rb7 16. Rf1 Be7 17. fxe5 dxe5 18. Be3 Kc6 19. h3 h6 20. Ke2 Rf8 21. Rf3
Nd7 22. c3 f6 23. g4 Nb6 24. Nc2 Na4 25. Rb1 b4 26. cxb4 1-0

[Event "Let's Play Chess!"]
[Site "http://www.queenalice.com/game.php?id=1853316"]
[Date "2025.3.5"]
[Round "-"]
[White "igor12345"]
[Black "gomezeta"]
[Result "0-1"]
[WhiteElo "2087"]
[BlackElo "2009"]

1. e4 e5 2. f4 Bc5 3. Nf3 d6 4. Bc4 Nf6 5. d3 Nc6 6. c3 Bg4 7. h3 Bxf3 8. Qxf3
O-O 9. Be3 Bxe3 10. Qxe3 Nh5 11. f5 Qh4+ 12. Kd1 Ng3 13. Rg1 Na5 14. Bb3 Nxb3
15. axb3 d5 16. exd5 Qh5+ 17. Kc2 Nxf5 18. Qf3 Qg5 19. Re1 Rfe8 20. Rf1 Ne3+ 21.
Kd2 Nxf1+ 22. Ke2 Ng3+ 23. Kd1 e4 24. dxe4 Rxe4 0-1

[Event "Let's Play Chess!"]
[Site "http://www.queenalice.com/game.php?id=1854992"]
[Date "2025.4.4"]
[Round "-"]
[White "Charles56"]
[Black "gomezeta"]
[Result "1-0"]
[WhiteElo "1754"]
[BlackElo "2121"]

1. e4 c6 2. d4 d5 3. e5 Bf5 4. a3 e6 5. Bd3 Bxd3 6. Qxd3 Qb6 7. Nc3 Nd7 8. Nf3
Rc8 9. Ng5 h6 10. Nh3 c5 11. dxc5 Nxc5 12. Qf3 1-0

[Event "Let's Play Chess!"]
[Site "http://www.queenalice.com/game.php?id=1857494"]
[Date "2025.5.19"]
[Round "-"]
[White "igor12345"]
[Black "gomezeta"]
[Result "0-1"]
[WhiteElo "1826"]
[BlackElo "2068"]

1. e4 e5 2. f4 Bc5 3. Nf3 d6 4. Bc4 Nf6 5. d3 Nc6 6. Qe2 Bg4 7. c3 Ne7 8. h3
Bxf3 9. Qxf3 c6 10. b4 Bb6 11. Be3 Bxe3 12. Qxe3 exf4 13. Qxf4 Qb6 14. d4 d5 15.
exd5 cxd5 0-1

[Event "Let's Play Chess!"]
[Site "http://www.queenalice.com/game.php?id=1858907"]
[Date "2025.6.23"]
[Round "-"]
[White "bobifixer"]
[Black "gomezeta"]
[Result "0-1"]
[WhiteElo "2010"]
[BlackElo "2087"]

1. c4 e5 2. Nc3 Nc6 3. d3 f5 4. Nf3 Nf6 5. Bg5 d6 6. g3 Be7 7. Bg2 O-O 8. O-O
Be6 9. e3 Qe8 10. Bxf6 Bxf6 11. a3 Rb8 12. Rc1 Qf7 13. Re1 Ne7 14. b4 c6 15. Qd2
Rfd8 16. Qc2 a6 17. Red1 b5 18. cxb5 Bb3 19. Qd2 Bxd1 20. Qxd1 axb5 21. Qc2 Rdc8
22. h4 h6 23. a4 bxa4 24. Qxa4 Rf8 25. Nd2 d5 26. Nf3 d4 27. exd4 exd4 28. Ne2
Ra8 29. Qc2 Ra2 30. Qd1 Rd8 31. Rc4 Kh7 32. Nexd4 Nd5 33. Nxc6 Ra1 34. Rc1 Nc3
35. Qd2 Rxc1+ 36. Kh2 Rd1 37. Nxd8 Qd7 38. Qc2 Qxd8 39. d4 Bxd4 40. Qxf5+ Kh8
41. h5 Bxf2 42. Ne5 Bg1+ 43. Kh3 Qf6 44. Ng6+ Kg8 45. Qc8+ Rd8 46. Qc4+ Kh7 47.
b5 Qf5+ 48. g4 Rd3+ 49. Qxd3 Qxd3+ 50. Kh4 Bf2# 0-1